| 000 -LEADER |
| fixed length control field |
03439cam a22004334a 4500 |
| 001 - CONTROL NUMBER |
| control field |
14005034 |
| 003 - CONTROL NUMBER IDENTIFIER |
| control field |
OSt |
| 005 - DATE AND TIME OF LATEST TRANSACTION |
| control field |
20180117085941.0 |
| 008 - FIXED-LENGTH DATA ELEMENTS--GENERAL INFORMATION |
| fixed length control field |
050616s2006 nyua b 001 0 eng |
| 010 ## - LIBRARY OF CONGRESS CONTROL NUMBER |
| LC control number |
2005017534 |
| 020 ## - INTERNATIONAL STANDARD BOOK NUMBER |
| International Standard Book Number |
1593852266 (cloth : alk. paper) |
| 035 ## - SYSTEM CONTROL NUMBER |
| System control number |
(DNLM)101250533 |
| 040 ## - CATALOGING SOURCE |
| Original cataloging agency |
DNLM/DLC |
| Transcribing agency |
DLC |
| Modifying agency |
DLC |
| 042 ## - AUTHENTICATION CODE |
| Authentication code |
pcc |
| 050 00 - LIBRARY OF CONGRESS CALL NUMBER |
| Classification number |
RC451.4.A5 |
| Item number |
G4665 2006 |
| 060 10 - NATIONAL LIBRARY OF MEDICINE CALL NUMBER |
| Classification number |
WT 150 |
| Item number |
G36855 2006 |
| 082 00 - DEWEY DECIMAL CLASSIFICATION NUMBER |
| Classification number |
618.97/68 |
| Edition number |
22 |
| 245 00 - TITLE STATEMENT |
| Title |
Geriatric neuropsychology : |
| Remainder of title |
assessment and intervention / |
| Statement of responsibility, etc. |
edited by Deborah K. Attix, Kathleen A. Welsh-Bohmer. |
| 260 ## - PUBLICATION, DISTRIBUTION, ETC. |
| Place of publication, distribution, etc. |
New York : |
| Name of publisher, distributor, etc. |
Guilford Press, |
| Date of publication, distribution, etc. |
c2006. |
| 300 ## - PHYSICAL DESCRIPTION |
| Extent |
xii, 467 p. : |
| Other physical details |
ill. ; |
| Dimensions |
27 cm. |
| 504 ## - BIBLIOGRAPHY, ETC. NOTE |
| Bibliography, etc. note |
Includes bibliographical references and index. |
| 505 0# - FORMATTED CONTENTS NOTE |
| Formatted contents note |
An integrated model for geriatric neuropsychological assessment / Guy G. Potter and Deborah K. Attix -- Normal aging and mild cognitive impairment / Glenn Smith and Beth K. Rush -- Neurodegenerative dementias / Kathleen A. Welsh-Bohmer and Lauren H. Warren -- Stable and slowly progressive dementias / Allison Cato and Bruce A. Crosson -- Potentially reversible cognitive symptoms in older adults / Wes S. Houston and Mark W. Bondi -- Using norms in neuropsychological assessment of the elderly / Robyn M. Busch, Gordon J. Chelune, and Yana Suchy -- Functional assessment / Daniel Marson and Katina R. Hebert -- Cultural issues / Jennifer J. Manly -- Feedback / Joanne Green -- An integrated model for geriatric neuropsychological intervention / Deborah K. Attix -- |
| 505 0# - FORMATTED CONTENTS NOTE |
| Formatted contents note |
Training of cognitive and functionally relevant skills in mild Alzheimer's disease, an integrated approach / David Loewenstein and Amarilis Acevedo -- Spaced retrieval: a model for dissemination of a cognitive intervention for persons with dementia / Cameron J. Camp -- Multitechnique program approaches / Linda Clare -- Language interventions in dementia / Cynthia K. Thompson and Nancy Johnson -- External aids / Michelle S. Bourgeois -- Behavioral treatment of affective disorders and associated symptoms / Rebecca G. Logsdon, Susan M. McCurry, and Linda Teri -- Behavioral treatment of impaired functioning and behavioral symptoms / Ann Louise Barrick -- Group psychotherapy approaches for dementia / Guy G. Potter, Deborah K. Attix, and Cory K. Chen -- Pharmacological and other treatment strategies for Alzheimer's disease / Kathleen Hayden and Mary Sano. |
| 650 #0 - SUBJECT ADDED ENTRY--TOPICAL TERM |
| Topical term or geographic name entry element |
Geriatric neuropsychiatry. |
| 650 #0 - SUBJECT ADDED ENTRY--TOPICAL TERM |
| Topical term or geographic name entry element |
Cognition disorders in old age |
| General subdivision |
Diagnosis. |
| 650 #0 - SUBJECT ADDED ENTRY--TOPICAL TERM |
| Topical term or geographic name entry element |
Neuropsychological tests. |
| 650 12 - SUBJECT ADDED ENTRY--TOPICAL TERM |
| Topical term or geographic name entry element |
Mental Disorders |
| General subdivision |
diagnosis |
| -- |
Aged. |
| 650 12 - SUBJECT ADDED ENTRY--TOPICAL TERM |
| Topical term or geographic name entry element |
Mental Disorders |
| General subdivision |
therapy |
| -- |
Aged. |
| 650 22 - SUBJECT ADDED ENTRY--TOPICAL TERM |
| Topical term or geographic name entry element |
Behavioral Symptoms |
| General subdivision |
Aged. |
| 650 22 - SUBJECT ADDED ENTRY--TOPICAL TERM |
| Topical term or geographic name entry element |
Neuropsychological Tests |
| General subdivision |
Aged. |
| 700 1# - ADDED ENTRY--PERSONAL NAME |
| Personal name |
Attix, Deborah K. |
| 700 1# - ADDED ENTRY--PERSONAL NAME |
| Personal name |
Welsh-Bohmer, Kathleen A. |
| 856 41 - ELECTRONIC LOCATION AND ACCESS |
| Materials specified |
Table of contents only |
| Uniform Resource Identifier |
<a href="http://www.loc.gov/catdir/toc/ecip0514/2005017534.html">http://www.loc.gov/catdir/toc/ecip0514/2005017534.html</a> |
| 856 42 - ELECTRONIC LOCATION AND ACCESS |
| Materials specified |
Contributor biographical information |
| Uniform Resource Identifier |
<a href="http://www.loc.gov/catdir/enhancements/fy0622/2005017534-b.html">http://www.loc.gov/catdir/enhancements/fy0622/2005017534-b.html</a> |
| 906 ## - LOCAL DATA ELEMENT F, LDF (RLIN) |
| a |
7 |
| b |
cbc |
| c |
orignew |
| d |
1 |
| e |
ecip |
| f |
20 |
| g |
y-gencatlg |
| 942 ## - ADDED ENTRY ELEMENTS (KOHA) |
| Source of classification or shelving scheme |
|
| Koha item type |
Book |